Gay Movies - Statistics

General Stats
  • This quiz has been taken 386 times
  • The average score is 3 of 15
Answer Stats
Hint Answer % Correct
An Oscar-awarded story of a lasting relationship between two men in the American West of the 60's and 70's and their struggle to live their lives as husbands and fathers Brokeback Mountain
92%
An ardous battle of a young promising lawyer, helped by his firstly unwilling mate, against his former employers; one of the first Hollywood movies approaching an AIDS theme Philadelphia
49%
An adventurous journey of two drag queens and a transexual through the Australian interior in a bus The Adventures of Priscilla, Queen of the Desert
37%
A transsexual father struggling to rebuild a bond with his problematic son while they both travel through the U.S. Transamerica
23%
Incredible exploits of an imperious drag queen to defend her title of "the filthiest person alive" concluded by an act of coprophagia Pink Flamingos
20%
Last day of a University teacher' s life trying to deal with his lover' s tragic death A Single Man
18%
Controversial movie of the early 80' s depicting a police officer infiltrating N.Y. gay community in search for a notorious killer Cruising
16%
Two young street hustlers in a journey to Italy in search for a mother of one of them My Own Private Idaho
16%
Forbidden romance between two prisoners in Dachau concentration camp Bent
15%
A one-night stand of two Brits with no future for further development as one of them decides to leave the country for good Weekend
13%
A Chinese gay couple facing dissolution of their tough relationship while in Argentina Happy Together
10%
Martyrdom of a Roman soldier refusing to take up arms, dialogues entirely in Latin Sebastiane
7%
Dramatic experiences of a Cuban poet and political activist persecuted and incarcerated during the Castro regime Before Night Falls
6%
A relationship between two boys at a Catholic school put to an end by a molesting priest Bad Education
3%
An AIDS-themed movie released by an AIDS-infected French director, deceased soon after the completion of the film Savage Nights
3%
No matching quizzes found
Score Distribution
Percent of People with Each Score
Percentile by Number Answered
Your Score History
You have not taken this quiz